000 00670nam a2200193 i 4500
001 27236
003 ES-MaACL
007 t|
008 030114s1985 sp ||||1| spa d
100 1 _aAtienza Mena, Teresa.
_923742
245 1 4 _aLas interferencias de las emisiones públicas en los mercados monetarios y de capitales /
_cMaría Teresa Atienza Mena, José Luis Campos Echeverría.
260 _aMadrid :
_bBolsa de Madrid,
_c1985.
300 _a183 p. ;
_c24 cm.
490 1 _aTemas monográficos
700 1 _aCampos Echeverría, José Luis.
_934267
830 0 _aTemas monográficos
_9229207
852 _aES-MaACL
_jL-8913
_bR.110343
999 _c27236
_d27236